000 00296nam a22001337a 4500
008 170327b xxu||||| |||| 00| 0 eng d
020 _ax0001uhhr9
041 _aeng
080 _22ND
_a616.9
100 _a8
101 _aSHM
245 _aMANAGERIAL EPIDEMIOLOGY
_cFLEMING, S.T
942 _2udc
_cBK
999 _c8665
_d8665